| 000 | 01405nam a2200361 c 4500 | ||
|---|---|---|---|
| 999 |
_c12820 _d12820 |
||
| 003 | BLK | ||
| 005 | 20230615160649.0 | ||
| 008 | 180412b bul|||||r ||||||| ||bul|| | ||
| 010 | _aKNG00014433000 | ||
| 040 | _aBLK | ||
| 041 |
_aBUL _cBUL |
||
| 080 |
_aФренска литература _b821.133.1 _x-31 _z821.133.1-31 |
||
| 080 |
_aФренска литература _b821.133.1 _x-32 _z821.133.1-32 |
||
| 100 | 1 |
_aСент-Екзюпери, Антоан дьо _eпърви автор _9363958 |
|
| 139 |
_aСент-Екзюпери, Антоан дьо _bС 33 |
||
| 245 | 1 | 0 |
_aИзбрани творби _bЮжна поща ; Нощен полет ; Земя на хората ; Боен пилот ; Писмо до един заложник ; Малкият принц _cАнтоан дьо Сент-Екзюпери. |
| 250 | _a3. изд. | ||
| 257 | _aFRA | ||
| 260 |
_bНар. култура _c1982 _fВ. Търново : Д. Найденов _aСофия |
||
| 300 |
_a484 с. _c21 см |
||
| 380 | _aX | ||
| 500 | _a1. изд. 1964. - 50125 тир. - Офс. изд. | ||
| 653 | _aромани | ||
| 653 | _aразкази | ||
| 852 |
_aЦб 115280 _bЦб |
||
| 856 | 4 |
_qpdf _u |
|
| 856 | 4 |
_qpdf _u |
|
| 942 |
_cKNG _n0 _08 _s1 |
||
| 944 |
_aCR _c15.01.2003 _kГеновева_Генчева |
||
| 944 |
_aED _c18.01.2007 |
||
| 944 |
_aED _c2022-04-07 |
||
| 999 | _d12820 | ||